| 000 | 01134nam a2200301 i 4500 | ||
|---|---|---|---|
| 003 | DO-SdBNP | ||
| 005 | 20240523102913.0 | ||
| 007 | ta | ||
| 008 | 240523b2023 dr ac||| |||| 00| 0 spa d | ||
| 020 | _a9789945250589 | ||
| 040 |
_aDO-SdBNP _bspa _cBNPHU _erda |
||
| 082 | 4 | _222 | |
| 100 | 1 |
_aAndújar Martínez, Rafael Víctor, _eautor _985537 |
|
| 245 | 1 | 4 |
_aLos hombres rana, 1965 / _cRafael Víctor Andújar Martínez ; cuidado de edición, Kary Alba Rocha Arias |
| 264 |
_aSanto Domingo : _bArchivo General de la Nación, _c2023. |
||
| 300 |
_a567 páginas : _bilustraciones, retratos ; _c26 cm. |
||
| 336 |
_2rdacontent _atexto _btxt |
||
| 337 |
_2rdamedia _asin mediación _bn |
||
| 338 |
_2rdacarrier _avolumen _bnc |
||
| 490 |
_aArchivo General de la Nación _v474 |
||
| 500 | _aIncluye datos biográficos del autor en las solapas | ||
| 500 | _aIncluye referencias bibliográficas, notas al pie de las páginas e índice onomástco | ||
| 504 | _aBibliografía : p. 537-540 | ||
| 590 | _aInventariado, 2024/BT | ||
| 700 |
_aRocha Arias, Kary Alba, _ecuidado de edición _981514 |
||
| 910 | _aBtavárez | ||
| 942 |
_2ddc _cLBS1 |
||
| 999 |
_c56730 _d56730 |
||